Postupy účtovania u fyzických osôb, vykonávajúcich podnikateľskú činnosť, v sústave jednoduchého účtovníctva

Podrobná bibliografia
Médium: Kniha
Jazyk:slovenčina
Fyzický popis:20 s. Tab. 20,5x15 cm
Vydavateľské údaje: Žilina EkonSpo [1994]
ISBN:8071560162
Edícia:Účtovníctvo
Predmet:

MARC

LEADER 00000nam a2200000 a 4500
001 vtls001259116
003 SK-MaSNL
005 20260302020239.0
008 250414s1994 xo 0 slo
020 |a 8071560162  |q (brož.) 
035 |a SNK000209956 
040 |a SNK  |b slo  |c SNK  |e AACR2 
041 0 |a slo 
044 |a xo  |c SK 
080 |a 657.11:340.13(094.7)  |2 1981 
080 |a 340.13  |2 1981 
245 0 0 |a Postupy účtovania u fyzických osôb, vykonávajúcich podnikateľskú činnosť, v sústave jednoduchého účtovníctva 
260 |a Žilina  |b EkonSpo  |c [1994] 
300 |a 20 s.  |b Tab.  |c 20,5x15 cm 
490 0 |a Účtovníctvo 
651 7 |a Žilina (Slovensko)  |2 SNK  |9 28812 
655 7 |a zákonné opatrenia  |2 SNK  |9 62172 
852 |a Slovenská národná knižnica 
919 |a 80-7156-016-2 
954 |a účtovníctvo jednoduché  |a osoby fyzické 
958 |a BQ 
958 |a TL 
999 |c 1024396  |d 1026326 
952 |t P60, <04>, [BOOK], {604}  |a SNK  |b SNK  |y VYP  |7 0  |p 17A0059276  |o snkSC 85786 D1  |0 0  |1 0  |4 0  |d 1997-04-08  |l 0  |r 2005-01-01 00:00:00  |w 2026-02-24